02962 a2200217 45000010006000000050017000060080041000230030015000640400040000790800031001192450044001500200022001942500013002162640036002293000026002655052300002910410008025911000023025997000023026228560099026454487920260407155723.0260407a1991 arg spa dAR-UNSa-BCEJYS aAR-UNSa-BCEJYSbspacAR-UNSa-BCEJYS a330xEconomía en general10aIntroducción a la economía positiva a978-84-316-2923-6 a12a. ed. 1aBarcelona :bVicens-Vivesc1991 axxvii, 927 p.c25 cm. aParte I: Alcance y método: 1. Temas económicos – 2. La economía como una ciencia social – 3. Los instrumentos de la economía – 4. Conceptos económicos básicos – Parte II: Teoría elemental de la demanda y la oferta: 5. Demanda, oferta y precio – 6. Elasticidad y excedente del consumidor – 7. Aplicaciones de la teoría de los precios – Parte III: Teoría elemental de la demanda: 8. Teoría de la indiferencia y la preferencia – 9. Incertidumbre, riesgo y otras cuestiones – Parte IV: Teoría elemental de la oferta: 10. La empresa, producción y coste – 11. Los costes y la producción – 12. Competencia perfecta – 13. Teoría del monopolio – 14. Competencia imperfecta – 15. Aplicaciones – 16. Críticas y contrastaciones de la teoría de la oferta – Parte V: Teoría de la distribución: 17. Las rentas de los factores en los mercados competitivos – 18. La renta de trabajo – 19. La renta del capital – 20. Críticas y contrastaciones de la teoría de la distribución – Parte VI: Comercio internacional: 21. Las ganancias del comercio – 22. Barreras al comercio – Parte VII: Política microeconómica: 23. Argumentos en favor del libre mercado – 24. Argumentos a favor del intervencionismo – 25. Objetivos de la política pública – Parte VIII: Teoría elemental de la renta nacional: tipos de interés y nivel de precios fijos: 26. Conceptos y variables macroeconómicos – 27. Renta nacional en un modelo de dos sectores – 28. La función consumo - 29. La renta nacional en modelos más complejos – Parte IX: Teoría intermedia de la renta nacional: tipos de interés y nivel de precios variables: 30. El dinero y el nivel de precios – 31. El equilibrio monetario – 32. El modelo IS- LM – 33. El modelo de la oferta agregada y la demanda agregada – Parte X: Problemas, políticas y controversias macroeconómicas: 34. Inflación – 35. Empleo y desempleo – 36. Fluctuaciones y crecimiento – 37. Política de demanda 1: política fiscal – 38. Política de demanda 2: política monetaria – 39. Tipos de cambio – 40. Política macroeconómica en una economía abierta – 41. Crecimiento en los países menos desarrollados – 42. Controversias macroeconómicas -  aspa1 aLipsey, Richard G.1 aTugores Ques, Juan41uhttps://www.biblioeco.unsa.edu.ar/pmb/images/libros/L127011.jpgyImagen de portadaqimage/jpeg